| 000 | 00535nam a2200241Ia 4500 | ||
|---|---|---|---|
| 003 | IT-RoPAU | ||
| 008 | 120407s9999 xx 000 0 und d | ||
| 040 | _aIT-RoPAU | ||
| 040 | _cIT-RoPAU | ||
| 041 | _afra | ||
| 100 | _aClaude Tresmontant | ||
| 245 | _aProblèmes du Christianisme. | ||
| 250 | _aParis | ||
| 260 | _aDu Seuil | ||
| 260 | _c1980 | ||
| 300 | _a280 p. | ||
| 300 | _c20,5 cm | ||
| 490 | _aLes problèmes de la Philosophie chrétienne | ||
| 490 | _v1 | ||
| 600 | _a1. Anima | ||
| 942 | _cBK | ||
| 999 |
_c31306 _d31306 |
||